000 00510nam a2200181Ia 4500
003 OSt
005 20251127120311.0
008 250729s2005 xx 000 0 und d
040 _cAL
041 _akan
082 _a894.5 HONK
100 _aಹೊನ್ನಯ್ಯ ಸಿ ಬಿ
_9225105
245 _aಕನ್ನಡ ಸಾಹಿತ್ಯ ಸಂಸ್ಕೃತಿ ಮೀಮಾಂಸೆ
260 _aಬೆಂಗಳೂರು
_c2005
300 _a656p
650 _aKannada
_9225106
942 _2ddc
_cBED
999 _c236749
_d236749